01383nas a2200409 4500001001000000003000900010005001700019007000300036008003400039040005400073041000900127072000800136100002100144100002400165100001900189100002100208100002700229100002600256100002100282245015200303650001300455650002300468650001300491650001700504650002500521650001600546650001700562650001900579650001200598650001000610650001000620773010900630909004000739942001800779999001900797952015700816BR0703780BR-BrBNA20231205110925.0ta230509b bl.|||p| |||| 00| 00por d aBR-BrBNAbporcBiblioteca Nacional de Agricultura a(Pt) aL021 aFreitas, D.C. de1 aOliveira, G.J.C. de1 aJaeger, S.M.P.1 aLedo, C.A. da S.1 aTorres, P.E.L.M. de V.1 aSantana, P.F. de A. e1 aAlmeida, D.C. de1 aDesempenho de cordeiros deslanados terminados em confinamento e em pastagem com suplementação em alimentador restrito no litoral norte da Bahia aCORDEIRO aCAPIM BRACHIÁRIA aPASTAGEM aCONFINAMENTO aSUPLEMENTO ALIMENTAR aPERFORMANCE aCONFINAMENTO aTERMINAÇÃO aDESMAMA aIDADE aBAHIA0 tRevista Brasileira de Zootecnia (Brazil)xISSN 1516-3598g(May-Jun 2007), v. 36(3) p. 709-715wBR0703780 a202311bLúciac55dLúcia Elande 2AGRISn0cANA c189783d189783 002AGRIS4071a41918b41918cPeriódicos Agrícolash(May-Jun 2007), v. 36(3) p. 709-715l0r2023-11-29t01yCRePortaria Interministerial nº 164/94